000 00533nam a2200193Ia 4500
003 0100
008 130303s9999 xx 000 0 und d
040 _cARRUPELIB
050 _aLB775.M76131964a
100 _aMontessori, Maria
245 4 _aThe Montessori method = Metodo della pedagogia scientifica.English
260 _aNew York
260 _bSchocken Books
260 _C1964
300 _axxxix
300 _b 376p. 21cm
700 _aMaria Montessori , Title, Metodo della pedagogia scientifica.English
942 0 0 _04
999 _c41485
_d41485